Using Simply Accounting for Windows, Version 4.0 (Record no. 5765)

MARC details
005 - DATE AND TIME OF LATEST TRANSACTION
control field 20250627165430.0
020 ## - INTERNATIONAL STANDARD BOOK NUMBER
International Standard Book Number 9780134887104
082 ## - DEWEY DECIMAL CLASSIFICATION NUMBER
Classification number 657.02 FUH
100 ## - MAIN ENTRY--PERSONAL NAME
Author name FUHRMAN, P.H.
245 ## - TITLE STATEMENT
Title Using Simply Accounting for Windows, Version 4.0
250 ## - EDITION STATEMENT
Edition statement vol I
260 ## - PUBLICATION, DISTRIBUTION, ETC.
Place of publication, distribution, etc. New York.
Name of publisher, distributor, etc. Prentence Hall
Date of publication, distribution, etc. 1997
300 ## - PHYSICAL DESCRIPTION
Extent xxiv,662p.:ill., pictures, table
Other physical details index
Dimensions 27cm.
700 ## - ADDED ENTRY--PERSONAL NAME
Other authors/Editors CHOQUETTE, A.
942 ## - ADDED ENTRY ELEMENTS (KOHA)
Source of classification or shelving scheme Dewey Decimal Classification
Koha item type Books
Holdings
Date last seen Total checkouts Full call number Barcode Cost, replacement price Price effective from Koha item type Lost status Source of classification or shelving scheme Damaged status Not for loan Withdrawn status Home library Current library Shelving location Date acquired Source of acquisition Cost, normal purchase price
06/27/2025   657.02 FUH DOM000298 150000.00 06/27/2025 Books   Dewey Decimal Classification       CBE Dodoma CBE Dodoma General Collection 01/07/2000 Library budget 50000.00